| 000 | 00859cam a22002175a 4500 | ||
|---|---|---|---|
| 001 | L156647 | ||
| 008 | 180612s2012 xxk f 000 0 eng d | ||
| 020 | _a9780749928315 | ||
| 035 | _a(Sirsi) u156647 | ||
| 041 | 0 | _aeng | |
| 050 | 0 | 4 | _a658.8 $2 18 |
| 100 | 1 | _aGodin, Seth | |
| 245 | 0 | 0 |
_aMeatball sunday _bhow new marketing is transforming the business world _band how to thrive in it |
| 260 |
_aLondon _bPiaktus _c2007 |
||
| 300 |
_axxiii, 232 p. _bill. _c 19 cm |
||
| 520 | _aLooking at trends in the business world to explain the best way to apply techniques from social media in order to market oneself and business. A simple guide to the different shifts taking place in the marketing and business world that can be applied to business. | ||
| 650 | 2 | 4 | _aBusiness and management |
| 651 | 4 | _aENGLAND AND WALES | |
| 690 | _aMarketing | ||
| 942 | _n0 | ||
| 999 |
_c114340 _d114340 |
||